The Challenge of Predicting Economic Crises /

The integration of financial markets around the world over the past decade has posed new challenges for policymakers. The speed with which money can be switched in and out of currencies and countries has increased with the efficiency of global communications, considerably shortening the time policym...

Ամբողջական նկարագրություն

Մատենագիտական մանրամասներ
Հիմնական հեղինակ: Berg, Andrew
Այլ հեղինակներ: Pattillo, Catherine
Ձևաչափ: Ամսագիր
Լեզու:English
Հրապարակվել է: Washington, D.C. : International Monetary Fund, 2000.
Շարք:Economic Issues; Economic Issues ; No. 2000/002
Առցանց հասանելիություն:Full text available on IMF
LEADER 01612cas a2200253 a 4500
001 AALejournalIMF012356
008 230101c9999 xx r poo 0 0eng d
020 |c 5.00 USD 
020 |z 9781557758842 
022 |a 1020-5098 
040 |a BD-DhAAL  |c BD-DhAAL 
100 1 |a Berg, Andrew. 
245 1 4 |a The Challenge of Predicting Economic Crises /  |c Andrew Berg, Catherine Pattillo. 
264 1 |a Washington, D.C. :  |b International Monetary Fund,  |c 2000. 
300 |a 1 online resource (20 pages) 
490 1 |a Economic Issues 
500 |a <strong>Off-Campus Access:</strong> No User ID or Password Required 
500 |a <strong>On-Campus Access:</strong> No User ID or Password Required 
506 |a Electronic access restricted to authorized BRAC University faculty, staff and students 
520 3 |a The integration of financial markets around the world over the past decade has posed new challenges for policymakers. The speed with which money can be switched in and out of currencies and countries has increased with the efficiency of global communications, considerably shortening the time policymakers have to respond to emerging crises. This pamphlet takes alook at attempts by economists to predict crises by developing early warning systems to signal when trouble may be brewing in currency markets and banking systems. 
538 |a Mode of access: Internet 
700 1 |a Pattillo, Catherine. 
830 0 |a Economic Issues; Economic Issues ;  |v No. 2000/002 
856 4 0 |z Full text available on IMF  |u http://elibrary.imf.org/view/books/051/06836-9781557758842-en/06836-9781557758842-en-book.xml  |z IMF e-Library